Equipe Type OL saison 2025/2026 - Statistiques

Statistiques générales
  • Ce quiz a été pris 86 fois
    20 depuis la dernière actualisation
  • Le résultat moyen est 10 sur 11
Statistiques - réponses
% Correct
Clinton Mata
100%
Corentin Tolisso
100%
Nicolás Tagliafico
100%
Ainsley Maitland-Niles
95%
Dominik Greif
95%
Malick Fofana
95%
Moussa Niakhaté
95%
Pavel Šulc
95%
Tyler Morton
84%
Martín Satriano
79%
Adam Karabec
68%
Aucun quiz correspondant
Distribution des résultats
% des personnes avec chaque résultat
Percentile par nombre de réponses
Votre historique - résultats
Vous n’avez pas pris ce quiz depuis la dernière actualisation